| 000 | 01171cam a22002894a 4500 | ||
|---|---|---|---|
| 001 | 11869851 | ||
| 003 | NUST-PNEC | ||
| 005 | 20170116180656.0 | ||
| 008 | 991216s2001 caua b 001 0 eng | ||
| 010 | _a 99087175 | ||
| 020 | _a0534951627 | ||
| 040 |
_aDLC _cPNEC _dDLC |
||
| 042 | _apcc | ||
| 050 | 0 | 0 |
_aTA352 _b.B67 2001 |
| 082 | 0 | 0 | _a620.104 BOR |
| 100 | 1 |
_aBoresi, Arthur P. _q(Arthur Peter), _d1924- |
|
| 245 | 1 | 0 |
_aEngineering mechanics : _bdynamics / _cArthur P. Boresi, Richard J. Schmidt. |
| 260 |
_aPacific Grove, CA : _bBrooks/Cole, _cc2001. |
||
| 300 |
_axix, 772 p. : _bcol. ill. ; _c26 cm. |
||
| 500 | _ahttp://www.amazon.com/Engineering-Mechanics-Dynamics-Arthur-Boresi/dp/0534951627/ref=sr_1_1?s=books&ie=UTF8&qid=1409556123&sr=1-1&keywords=0534951627 | ||
| 504 | _aIncludes bibliographical references and index. | ||
| 650 | 0 |
_aDynamics. _xME |
|
| 700 | 1 |
_aSchmidt, Richard J. _q(Richard Joseph), _d1954- |
|
| 906 |
_a7 _bcbc _corignew _d1 _eocip _f19 _gy-gencatlg |
||
| 942 |
_2ddc _cBK |
||
| 999 |
_c60402 _d60402 |
||